Roma tarihi: şehrin kuruluşundan itibaren (Ab urbe condita) / (Record no. 20943)
[ view plain ]
| 000 -LEADER | |
|---|---|
| fixed length control field | 00827 a2200253 4500 |
| 001 - CONTROL NUMBER | |
| control field | 20943 |
| 003 - CONTROL NUMBER IDENTIFIER | |
| control field | TR-AnTOB |
| 005 - DATE AND TIME OF LATEST TRANSACTION | |
| control field | 20210416154934.0 |
| 008 - FIXED-LENGTH DATA ELEMENTS--GENERAL INFORMATION | |
| fixed length control field | 041102s1992 tu tur |
| 020 ## - INTERNATIONAL STANDARD BOOK NUMBER | |
| International Standard Book Number | 975753871X |
| 041 ## - LANGUAGE CODE | |
| Language code of text/sound track or separate title | Türkçe |
| 050 ## - LIBRARY OF CONGRESS CALL NUMBER | |
| Classification number | DG231 |
| Item number | .L5919 1992-2001 |
| 090 ## - LOCALLY ASSIGNED LC-TYPE CALL NUMBER (OCLC); LOCAL CALL NUMBER (RLIN) | |
| Classification number (OCLC) (R) ; Classification number, CALL (RLIN) (NR) | DG231 .L5919 1992-2001 |
| 100 ## - MAIN ENTRY--PERSONAL NAME | |
| Personal name | Livius, Titius |
| 9 (RLIN) | 13913 |
| 245 #0 - TITLE STATEMENT | |
| Title | Roma tarihi: şehrin kuruluşundan itibaren (Ab urbe condita) / |
| Statement of responsibility, etc. | Titius Livius ; çev. Sabahat Şenbark ; yay. ve yön. Nezih Başgelen. |
| 264 #1 - PRODUCTION, PUBLICATION, DISTRIBUTION, MANUFACTURE, AND COPYRIGHT NOTICE | |
| Place of production, publication, distribution, manufacture | İstanbul : |
| Name of producer, publisher, distributor, manufacturer | Arkeoloji ve Sanat Yayınları, |
| Date of production, publication, distribution, manufacture, or copyright notice | 1992-2001 |
| 300 ## - PHYSICAL DESCRIPTION | |
| Extent | 6 v. ; |
| Dimensions | 20 cm. |
| 490 0# - SERIES STATEMENT | |
| Series statement | Arkeoloji ve Sanat Yayınları; Antik Kaynaklar Dizisi; 3 |
| 500 ## - GENERAL NOTE | |
| General note | Includes bibliographies. |
| 651 #7 - SUBJECT ADDED ENTRY--GEOGRAPHIC NAME | |
| Geographic name | Roma |
| General subdivision | Uygarlık |
| Source of heading or term | etuturkob |
| 9 (RLIN) | 10197 |
| Geographic name | Roma |
| General subdivision | Tarih |
| Source of heading or term | etuturkob |
| 9 (RLIN) | 12500 |
| 902 ## - LOCAL DATA ELEMENT B, LDB (RLIN) | |
| a | 0010357 |
| 942 ## - ADDED ENTRY ELEMENTS (KOHA) | |
| Koha item type | Book |
| Withdrawn status | Lost status | Source of classification or shelving scheme | Materials specified (bound volume or other part) | Not for loan | Collection code | Home library | Current library | Shelving location | Date acquired | Source of acquisition | Serial Enumeration / chronology | Inventory number | Total Checkouts | Total Renewals | Total Holds | Full call number | Barcode | Date last seen | Date last checked out | Copy number | Date shelved | Koha item type |
|---|---|---|---|---|---|---|---|---|---|---|---|---|---|---|---|---|---|---|---|---|---|---|
| V.1 | Ödünç Verilebilir / Available | Genel Koleksiyon | Merkez Kütüphane | Merkez Kütüphane | Genel Koleksiyon / Main Collection | 28/12/2005 | Satın Alma / Purchase | 1 | TAR | 3 | 3 | DG231 .L5919 1992-2001 | 0010357 | 24/03/2022 | 15/03/2022 | 1 | 21/04/2010 | Book | ||||
| V.2 | Ödünç Verilebilir / Available | Genel Koleksiyon | Merkez Kütüphane | Merkez Kütüphane | Genel Koleksiyon / Main Collection | 28/12/2005 | Satın Alma / Purchase | 1 | TAR | DG231 .L5919 1992-2001 | 0010358 | 2 | 21/04/2010 | Book | ||||||||
| V.3-4 | Ödünç Verilebilir / Available | Genel Koleksiyon | Merkez Kütüphane | Merkez Kütüphane | Genel Koleksiyon / Main Collection | 28/12/2005 | Satın Alma / Purchase | 1 | TAR | DG231 .L5919 1992-2001 | 0010359 | 3 | 21/04/2010 | Book | ||||||||
| V.5-6-7 | Ödünç Verilebilir / Available | Genel Koleksiyon | Merkez Kütüphane | Merkez Kütüphane | Genel Koleksiyon / Main Collection | 28/12/2005 | Satın Alma / Purchase | 1 | TAR | DG231 .L5919 1992-2001 | 0010360 | 5 | 21/04/2010 | Book | ||||||||
| V.8-9-10 | Ödünç Verilebilir / Available | Genel Koleksiyon | Merkez Kütüphane | Merkez Kütüphane | Genel Koleksiyon / Main Collection | 28/12/2005 | Satın Alma / Purchase | 1 | TAR | 1 | DG231 .L5919 1992-2001 | 0010361 | 11/01/2018 | 08/01/2018 | 8 | 21/04/2010 | Book | |||||
| V.21-22 | Ödünç Verilebilir / Available | Genel Koleksiyon | Merkez Kütüphane | Merkez Kütüphane | Genel Koleksiyon / Main Collection | 28/12/2005 | Satın Alma / Purchase | 1 | TAR | 1 | DG231 .L5919 1992-2001 | 0010362 | 11/01/2018 | 08/01/2018 | 21 | 21/04/2010 | Book |
